Normal view
MARC view
- RAKHI J. F
Entry Personal Name
001 - CONTROL NUMBER
- control field: 3743
003 - CONTROL NUMBER IDENTIFIER
- control field: OSt
005 - DATE AND TIME OF LATEST TRANSACTION
- control field: 20181015111502.0
008 - FIXED-LENGTH DATA ELEMENTS
- fixed length control field: 181015|| aca||aabn | a|a d
040 ## - CATALOGING SOURCE
- Original cataloging agency: OSt
- Transcribing agency: OSt
100 ## - HEADING--PERSONAL NAME
- Personal name: RAKHI J. F
670 ## - SOURCE DATA FOUND
- Source citation: Work cat.: (OSt)15110: RAKHI J. F, Design and development of a solar refrigeration system
